Nutrición durante la preconcepción, embarazo y posparto : abordaje desde una perspectiva de curso de vida /

Exposición, de autoría colectiva, sobre la nutrición de las mujeres durante la preconcepción, el embarazo, la etapa perinatal –es decir, el período que precede inmediatamente al nacimiento- y el posparto, enfocada con una perspectiva de curso de vida y desarrollada con la siguiente estructura:

Uloženo v:
Podrobná bibliografie
Hlavní autor: Ancira Moreno, Mónica (edición)
Další autoři: Hernández Cordero, Sonia (edición) (edición), Pérez Escamilla, Rafael (prólogo) (prólogo)
Médium: Kniha
Jazyk:španělština
Vydáno: México : Universidad Iberoamericana, Plantel Santa Fe, 2025, c2025
Témata:
Tagy: Přidat tag
Žádné tagy, Buďte první, kdo vytvoří štítek k tomuto záznamu!

MARC

LEADER 00000nam^a2200000^a^4500
001 000629789
005 20260408000000.0
009 20260409133035.894
020 |a 978-607-2644-53-3 
037 |a Acervo ITESO - Biblioteca 
041 |a ESP 
082 |a 618. 24  |b ANC 
100 |a Ancira Moreno, Mónica  |e (edición) 
245 1 0 |a Nutrición durante la preconcepción, embarazo y posparto :  |b abordaje desde una perspectiva de curso de vida /  |c Ed. de M. Ancira Moreno, S. Hernández Cordero ; pról. de R. Pérez Escamilla. 
264 4 |a México :  |b Universidad Iberoamericana, Plantel Santa Fe,  |c 2025, c2025 
300 |a 474 p. 
336 |a texto  |b txt  |2 rdacontenido 
337 |a sin mediación  |b n  |2 rdamedio 
338 |a volumen  |b nc  |2 rdasoporte 
520 |a Exposición, de autoría colectiva, sobre la nutrición de las mujeres durante la preconcepción, el embarazo, la etapa perinatal –es decir, el período que precede inmediatamente al nacimiento- y el posparto, enfocada con una perspectiva de curso de vida y desarrollada con la siguiente estructura: 
520 |a 1) Epidemiología de las principales formas de mala nutrición durante la preconcepción, embarazo y posparto, por Ivonne Ramírez Silva, Bianca Franco Lares y la coeditora del volumen Mónica Ancira Moreno; 2) Cambios fisiológicos durante el embarazo (Blanca Franco Lares, Isabel Omaña Guzmán, Amelia Dabbah Jasqui, Pedro Abdiel Portillo Gutiérrez, Elizabeth Hoyos Loya y M. Ancira Moreno); 3) Programación fetal y metabólica (I. Omaña Guzmán, Karla Angélica Mucino Sandoval y Edgar Mendívil Rangel); 4) Evaluación del estado nutricional desde el embarazo (Jennifer Mier Cabrera y Lizeth Ibarra González); 5) Nutrición durante la preconcepción y el embarazo sin complicaciones (M. Ancira Moreno, Cinthya Muñoz Manrique y L. Ibarra González); 6) Nutrición en el embarazo con complicaciones (C. Muñoz Manrique, L. Ibarra González y M. Ancira Moreno); 7) Cambios fisiológicos y en la composición corporal durante el posparto (Mónica Mazariegos y Soraya Burrola Méndez); 8) Nutrición durante el posparto (S. Burrola Méndez, M. Mazariegos, E. Hoyos Loya y Gabriela Scarlett Alonso Carmona); 9) Efectos de la lactancia materna sobre el estado de salud y nutrición del binomio madre-hijo(a) (Vanessa Lara Mejía, Mariana Colmenares Castaño y la coeditora del volumen Sonia Hernández Cordero); 10) Nutrición en el embarazo en poblaciones vulnerables (K.A. Muciño Sandoval, Mónica Minutti Sánchez Alcocer y S. Burrola Méndez); 11) Salud mental perinatal y nutrición en el binomio madre-hijo(a) (Claudia Sánchez Bravo y Cecilia Mota González); 12) Influencia de los tóxicos ambientales en la salud del binomio madre-hijo(a) (Larissa Betanzos Robledo y Alejandra Cantoral Preciado), y 13) Calidad de la atención nutricional perinatal en el sistema de salud (Cecilia Pérez Navarro, E. Hoyos Luna, I. Omaña Guzmán, Arturo Cuauhtémoc Bautista Morales, Omar Acosta Ruiz, Fernando Cobo Armijo y Matthias Sachse Aguilera). 
649 |a XX 
650 |a Madres -  |x Aspectos Físicos -  |x Tema Principal 
650 |a Mujeres -  |x Aspectos Físicos 
650 |a Bebés -  |x Aspectos Físicos 
650 |a Embarazo -  |x Tema Principal 
650 |a Cuerpo Humano 
650 |a Salud Mental 
650 |a Hábitos Alimenticios 
650 |a Lactancia 
650 |a Nutrición -  |x Tema Principal 
650 |a Fisiología 
650 |a Medicina 
650 |a Ciencias Médicas 
700 |a Hernández Cordero, Sonia  |e (edición) 
700 |a Pérez Escamilla, Rafael  |e (prólogo) 
910 |a Fondo General 
920 |a Impresos - Libros 
930 |a Colección General 
905 |a 101 
901 |a 629789-10  |b IT1  |c ACC  |i D132182  |u 20260408 
902 |a https://opac.biblio.iteso.mx/vufind/Record/000629789